[Event "SR 1. liga zapad 2011/2012"]
[Site "?"]
[Date "2012.02.04"]
[Round "8.5"]
[White "Klemanic, Emil"]
[Black "Kovacik, Emil"]
[Result "1/2-1/2"]
[WhiteElo "2194"]
[BlackElo "2222"]
[PlyCount "61"]
[EventDate "2011.??.??"]

1. d4 d5 2. Nf3 Nf6 3. c4 dxc4 4. Nc3 a6 5. a4 Nc6 6. Bg5 h6 7. Bxf6 exf6 8. e3
Na5 9. Nd2 Be6 10. Qf3 Bb4 11. Rd1 Qd7 12. Be2 c5 13. d5 Bxc3 14. bxc3 Qxd5 15.
Ne4 Qe5 16. Nd6+ Ke7 17. O-O Rab8 18. e4 Rhd8 19. Qe3 g5 20. g3 g4 21. Bxg4
Bxg4 22. f4 Qe6 23. Qxc5 Rxd6 24. e5 Bxd1 25. Rxd1 fxe5 26. fxe5 Nb3 27. exd6+
Kf8 28. Qf2 Rd8 29. Qf4 Nc5 30. Qd4 Rxd6 31. Qxc5 1/2-1/2

[Event "SR 1. liga zapad 2011/2012"]
[Site "?"]
[Date "2012.02.04"]
[Round "8.5"]
[White "Orgon, Dusan"]
[Black "Zacik, Anton"]
[Result "0-1"]
[WhiteElo "2107"]
[BlackElo "2000"]
[PlyCount "114"]
[EventDate "2011.??.??"]

1. d4 Nf6 2. Bg5 Ne4 3. Bf4 d5 4. Nd2 Bf5 5. e3 e6 6. Ngf3 Nd7 7. Be2 Bd6 8.
O-O Bxf4 9. exf4 O-O 10. Ne5 f6 11. Nd3 Re8 12. Nf3 Bg4 13. Re1 c5 14. dxc5
Ndxc5 15. h3 Bxf3 16. Bxf3 Nxd3 17. cxd3 Nd6 18. Qb3 Kh8 19. Bg4 f5 20. Bf3 Qh4
21. Qb4 Rad8 22. Rac1 a5 23. Qxa5 Qxf4 24. a3 Nf7 25. Qc7 Qxc7 26. Rxc7 Nd6 27.
Kf1 Rc8 28. Rec1 Kg8 29. Ke2 Rxc7 30. Rxc7 Rc8 31. Re7 Rc2+ 32. Ke3 Rxb2 33.
Rxe6 d4+ 34. Kxd4 Nb5+ 35. Kc5 Nxa3 36. Bd5 Rb5+ 37. Kd6 Kf8 38. Re2 Rb6+ 39.
Kd7 g6 40. Re8+ Kg7 41. Ke7 Nb5 42. f4 Nc7 43. Rg8+ Kh6 44. Bf3 Ne6 45. g3 Nd4
46. Bd5 Ne2 47. Rh8 Kg7 48. Rg8+ Kh6 49. Rd8 Nxg3 50. Bf3 Rb3 51. Rd7 b5 52.
Kf8 Rc3 53. Bb7 Nh5 54. Rf7 Nxf4 55. Kg8 Nxd3 56. Rxh7+ Kg5 57. h4+ Kg4 0-1

[Event "SR 1. liga zapad 2011/2012"]
[Site "?"]
[Date "2012.02.04"]
[Round "8.5"]
[White "Podoba, Milan"]
[Black "Kimerling, Martin"]
[Result "0-1"]
[WhiteElo "2157"]
[BlackElo "2015"]
[PlyCount "46"]
[EventDate "2011.??.??"]

1. e4 c5 2. Nf3 Nc6 3. d4 cxd4 4. Nxd4 Nf6 5. Nc3 e5 6. Ndb5 d6 7. Bg5 a6 8.
Bxf6 gxf6 9. Na3 b5 10. Nd5 f5 11. Bd3 Be6 12. Qh5 Rg8 13. O-O Rg5 14. Qxh7 Rg6
15. Qh5 Rh6 16. Qd1 Qh4 17. h3 Rc8 18. Qe1 f4 19. f3 Qg5 20. Kf2 Nd4 21. c3
Bxh3 22. Rg1 Qg3+ 23. Kf1 Qxf3+ 0-1

[Event "SR 1. liga zapad 2011/2012"]
[Site "?"]
[Date "2012.02.04"]
[Round "8.5"]
[White "Tibensky, Robert"]
[Black "Srvatka, Igor"]
[Result "1-0"]
[WhiteElo "2410"]
[BlackElo "2226"]
[PlyCount "47"]
[EventDate "2011.??.??"]

1. d4 Nf6 2. c4 e6 3. g3 Bb4+ 4. Nc3 c5 5. Nf3 Nc6 6. Bg2 d5 7. a3 Bxc3+ 8.
bxc3 dxc4 9. Qa4 Bd7 10. Qxc4 cxd4 11. cxd4 Rc8 12. Qd3 Qa5+ 13. Bd2 Qd5 14.
O-O Qe4 15. Qb3 O-O 16. e3 Qd5 17. Qxb7 Rb8 18. Qa6 Rb6 19. Qe2 Rb2 20. Ne5 Qd6
21. Nc4 Nxd4 22. exd4 Bb5 23. Nxd6 Bxe2 24. Bc3 1-0

[Event "SR 1. liga zapad 2011/2012"]
[Site "?"]
[Date "2012.02.04"]
[Round "8.6"]
[White "Bednar, Jan"]
[Black "Hlinka, Miroslav"]
[Result "1-0"]
[WhiteElo "2128"]
[BlackElo "2032"]
[PlyCount "51"]
[EventDate "2011.??.??"]

1. d4 d5 2. c4 e6 3. Nc3 Nf6 4. Bg5 Be7 5. e3 O-O 6. Nf3 b6 7. Rc1 Ba6 8. Qa4
Bb7 9. cxd5 Nxd5 10. Bxe7 Qxe7 11. Be2 c5 12. O-O Nd7 13. Rfd1 cxd4 14. Qxd4
Rfd8 15. Nxd5 Bxd5 16. e4 Bxa2 17. Rc7 e5 18. Rxd7 Rxd7 19. Qxd7 Qf6 20. Qc7 h6
21. Qxe5 Qc6 22. Nd4 Qa4 23. Nf5 f6 24. Qg3 g5 25. Qc7 Bf7 26. Nxh6+ 1-0

[Event "SR 1. liga zapad 2011/2012"]
[Site "?"]
[Date "2012.02.04"]
[Round "8.6"]
[White "Capak, Stefan"]
[Black "Helbich, Branislav"]
[Result "1-0"]
[WhiteElo "2020"]
[BlackElo "2036"]
[PlyCount "127"]
[EventDate "2011.??.??"]

1. d4 Nf6 2. Nf3 d5 3. c4 c6 4. Nc3 e6 5. cxd5 exd5 6. Bg5 Be7 7. Qc2 O-O 8. e3
Re8 9. Bd3 Nbd7 10. O-O h6 11. Bh4 Nf8 12. a3 Nh5 13. Bxe7 Qxe7 14. b4 a6 15.
Na4 Nf6 16. Nc5 N8d7 17. a4 Ne4 18. Rab1 Ndf6 19. Ne5 Nd6 20. b5 axb5 21. axb5
cxb5 22. Bxb5 Nxb5 23. Rxb5 Qc7 24. Rfb1 Ne4 25. Qb2 Nd6 26. Rb6 Ra7 27. Rc1
Rxe5 28. Na6 Qd8 29. Rxd6 Qxd6 30. Rxc8+ Kh7 31. dxe5 Qxa6 32. g3 Qa1+ 33. Qxa1
Rxa1+ 34. Kg2 Rb1 35. Rc5 Kg6 36. Rxd5 Kf5 37. h3 Ke6 38. Rc5 b6 39. Rc7 b5 40.
f4 b4 41. Kf3 b3 42. Ke4 f5+ 43. exf6 Kxf6 44. g4 b2 45. Rb7 g5 46. Rb6+ Kg7
47. Kf5 gxf4 48. exf4 h5 49. Rb7+ Kf8 50. Kg5 Rh1 51. Rxb2 Rxh3 52. gxh5 Rg3+
53. Kf6 Kg8 54. Rb5 Ra3 55. Rd5 Ra6+ 56. Ke7 Ra7+ 57. Ke6 Ra6+ 58. Rd6 Ra1 59.
Kf6 Ra4 60. f5 Ra8 61. Kg6 Kf8 62. h6 Kg8 63. f6 Kh8 64. f7 1-0

[Event "SR 1. liga zapad 2011/2012"]
[Site "?"]
[Date "2012.02.04"]
[Round "8.6"]
[White "Chovanec, Milan"]
[Black "Machalova, Veronika"]
[Result "1/2-1/2"]
[WhiteElo "2137"]
[BlackElo "2209"]
[PlyCount "131"]
[EventDate "2011.??.??"]

1. e4 c5 2. Nf3 d6 3. c3 Nf6 4. Bd3 Nc6 5. Bc2 Bd7 6. d3 Rc8 7. O-O e5 8. Re1
Be7 9. Nbd2 O-O 10. Nf1 b5 11. h3 a5 12. a4 b4 13. Ne3 Be6 14. Bb3 h6 15. g4
Nh7 16. Nf5 Bf6 17. Bc4 d5 18. Bb5 dxe4 19. dxe4 Bxf5 20. gxf5 Qe7 21. Qe2 Rfd8
22. Be3 Ng5 23. Nxg5 Bxg5 24. Rad1 Na7 25. Bc4 Rb8 26. Kh2 Bxe3 27. fxe3 Rxd1
28. Rxd1 bxc3 29. bxc3 Rb6 30. Rd5 Nc8 31. Bb5 Nd6 32. Rxc5 Nxe4 33. Rc8+ Kh7
34. Qd3 Nf6 35. Qd8 Qxd8 36. Rxd8 g6 37. fxg6+ Kxg6 38. c4 Ne4 39. Rd5 Kf6 40.
c5 Rb8 41. c6 Rc8 42. Rd7 Nc3 43. Ra7 Nd5 44. e4 Nb4 45. Rxa5 Rc7 46. Ra8 Ke7
47. Rh8 Nxc6 48. Rxh6 Nd4 49. Rb6 Rc3 50. Rb7+ Kf8 51. Bd7 Nf3+ 52. Kg2 Nd2 53.
Bf5 Rc4 54. Rb5 f6 55. a5 Ra4 56. Rb6 Nxe4 57. Bxe4 Rxe4 58. Rxf6+ Kg7 59. Rb6
Ra4 60. a6 Ra3 61. h4 Kh7 62. h5 Kg7 63. h6+ Kh7 64. Kf2 e4 65. Ke2 Kh8 66. Re6
1/2-1/2

[Event "SR 1. liga zapad 2011/2012"]
[Site "?"]
[Date "2012.02.04"]
[Round "8.6"]
[White "Federic, Jozef"]
[Black "Obona, Jan"]
[Result "1-0"]
[WhiteElo "2270"]
[BlackElo "2151"]
[PlyCount "103"]
[EventDate "2011.??.??"]

1. d4 d5 2. Nf3 c6 3. g3 Nf6 4. Bg2 e6 5. O-O Be7 6. c4 Nbd7 7. Qc2 O-O 8. Nbd2
b6 9. e4 Bb7 10. b3 Rc8 11. Bb2 h6 12. Rad1 Qc7 13. Ne5 Nxe5 14. dxe5 Nxe4 15.
Nxe4 dxe4 16. Bxe4 Rcd8 17. Qe2 c5 18. Qf3 Bxe4 19. Qxe4 Rxd1 20. Rxd1 Rd8 21.
Rxd8+ Bxd8 22. Kg2 Qc8 23. Kf3 Be7 24. Bc3 a6 25. a4 a5 26. Ke2 Qd8 27. Qb7 Bf8
28. h4 h5 29. Bd2 Be7 30. Be3 g6 31. Bh6 g5 32. hxg5 Bxg5 33. Bxg5 Qxg5 34.
Qxb6 Qg4+ 35. Kf1 Qd1+ 36. Kg2 h4 37. Qxc5 Qxb3 38. Qxa5 h3+ 39. Kxh3 Qxc4 40.
Qd8+ Kg7 41. Qg5+ Kf8 42. Qf4 Qd5 43. Kh2 Kg8 44. Qe3 Qa5 45. Qd4 Kg7 46. g4
Kg8 47. g5 Kg7 48. Qf4 Qa7 49. Kh1 Qd7 50. a5 Qd1+ 51. Kh2 Qh5+ 52. Kg2 1-0

[Event "SR 1. liga zapad 2011/2012"]
[Site "?"]
[Date "2012.02.04"]
[Round "8.6"]
[White "Kvassay, Peter"]
[Black "Machalova, Erika"]
[Result "1-0"]
[WhiteElo "2080"]
[BlackElo "2102"]
[PlyCount "93"]
[EventDate "2011.??.??"]

1. d4 Nf6 2. Nf3 e6 3. e3 b6 4. c4 Bb7 5. Be2 Be7 6. O-O d6 7. Nc3 Ne4 8. Nxe4
Bxe4 9. Nd2 Bb7 10. Bf3 Bxf3 11. Nxf3 O-O 12. e4 d5 13. Qc2 dxe4 14. Qxe4 Nd7
15. Bf4 Nf6 16. Qc2 h6 17. Rad1 Bd6 18. Be5 Qe7 19. Rfe1 Nd7 20. d5 Nxe5 21.
Nxe5 Bxe5 22. Rxe5 Qd6 23. Ree1 e5 24. Qf5 Rae8 25. Re2 Re7 26. Rd3 Rfe8 27.
Qg4 Qd7 28. Qxd7 Rxd7 29. Rde3 Rde7 30. f4 f6 31. Kf2 a5 32. Kf3 Kf7 33. fxe5
fxe5 34. Ke4 Kg6 35. Rf2 Kh7 36. Ref3 Kg6 37. Rf5 Kh7 38. Rf7 Kg6 39. Rxe7 Rxe7
40. Rf5 Kh7 41. b3 Kg8 42. Rxe5 Rf7 43. Re8+ Kh7 44. Re6 Rf2 45. Rc6 Rf7 46. d6
cxd6 47. Rxb6 1-0

[Event "SR 1. liga zapad 2011/2012"]
[Site "?"]
[Date "2012.02.04"]
[Round "8.6"]
[White "Machalova, Maria"]
[Black "Gombar, Peter"]
[Result "1-0"]
[WhiteElo "2184"]
[BlackElo "2033"]
[PlyCount "93"]
[EventDate "2011.??.??"]

1. c4 Nf6 2. Nc3 e6 3. e4 d6 4. d4 e5 5. d5 Be7 6. Be2 O-O 7. Be3 c6 8. h3 a5
9. Nf3 Nbd7 10. O-O Re8 11. Qc2 Nf8 12. Rfd1 Qc7 13. Rac1 Bd7 14. Qd2 Ng6 15.
c5 Red8 16. cxd6 Qxd6 17. Qc2 cxd5 18. Nxd5 Nxd5 19. Rxd5 Qe6 20. Bc4 Rac8 21.
Rxa5 Qc6 22. Qb1 Be6 23. Bd5 Qd7 24. Rd1 Qc7 25. Rb5 Bxd5 26. Rbxd5 Rxd5 27.
Rxd5 f6 28. Qd1 Qc4 29. Qb3 Qxb3 30. axb3 Rd8 31. Rb5 Rd7 32. Nd2 Kf7 33. Nc4
Bd8 34. Rxb7 Rxb7 35. Nd6+ Ke6 36. Nxb7 Be7 37. Nc5+ Bxc5 38. Bxc5 Nf4 39. Kf1
g6 40. Be3 Nd3 41. Ke2 Nb4 42. Kd2 Kd6 43. Kc3 Na6 44. Kc4 Kc6 45. b4 Nc7 46.
Bc5 f5 47. f3 1-0

[Event "SR 1. liga zapad 2011/2012"]
[Site "?"]
[Date "2012.02.04"]
[Round "8.6"]
[White "Maslik, Miroslav"]
[Black "Pecha, Tomas"]
[Result "1/2-1/2"]
[WhiteElo "2356"]
[BlackElo "2239"]
[PlyCount "59"]
[EventDate "2011.??.??"]

1. d4 Nf6 2. c4 e6 3. g3 d5 4. Nf3 c6 5. Nbd2 Nbd7 6. Bg2 Be7 7. O-O O-O 8. Qc2
b6 9. e4 Ba6 10. b3 Rc8 11. Rd1 Bb7 12. Bb2 Qc7 13. Rac1 Qb8 14. e5 Ne8 15.
cxd5 cxd5 16. Qd3 Nc7 17. Nb1 b5 18. Nc3 Ba6 19. Qe3 Nb6 20. Ne2 b4 21. Nf4
Rfd8 22. Nh5 Ne8 23. Qf4 Be2 24. Re1 Bd3 25. g4 Rxc1 26. Rxc1 Rc8 27. Qd2 Rxc1+
28. Bxc1 Bg6 29. Nf4 Be4 30. Qe1 1/2-1/2

[Event "SR 1. liga zapad 2011/2012"]
[Site "?"]
[Date "2012.02.04"]
[Round "8.6"]
[White "Skrabakova, Katarina"]
[Black "Rohacek, Miroslav"]
[Result "0-1"]
[WhiteElo "2047"]
[BlackElo "2297"]
[PlyCount "48"]
[EventDate "2011.??.??"]

1. e4 c5 2. Nf3 d6 3. d4 cxd4 4. Nxd4 Nf6 5. Nc3 a6 6. Be2 e5 7. Nb3 Be7 8. O-O
O-O 9. Kh1 b6 10. Be3 Bb7 11. f3 Nbd7 12. a4 Rc8 13. Rf2 Qc7 14. Bf1 Nb8 15.
Bg5 Nc6 16. Rd2 Qb8 17. Bxf6 Bxf6 18. Rxd6 Nd4 19. Rxf6 gxf6 20. Nxd4 Rfd8 21.
Nce2 exd4 22. Nxd4 Qf4 23. c3 Rc5 24. Qc1 Qxc1 0-1

[Event "SR 1. liga zapad 2011/2012"]
[Site "?"]
[Date "2012.02.05"]
[Round "9.1"]
[White "Briestensky, Rastislav"]
[Black "Maros, Milan"]
[Result "1/2-1/2"]
[WhiteElo "2300"]
[BlackElo "2336"]
[PlyCount "164"]
[EventDate "2011.??.??"]

1. d4 d5 2. Nf3 Nf6 3. g3 c5 4. dxc5 e6 5. Bg2 Bxc5 6. O-O O-O 7. Nbd2 Nc6 8.
c4 Qe7 9. cxd5 exd5 10. Nb3 Bb6 11. e3 Rd8 12. Nbd4 Bg4 13. Nxc6 bxc6 14. Qc2
Rac8 15. b3 Bh5 16. Nh4 Bg4 17. Bb2 Qe6 18. Rae1 Ba5 19. Rc1 c5 20. h3 Bxh3 21.
Bxh3 Qxh3 22. Bxf6 gxf6 23. Nf5 Kf8 24. e4 Bb6 25. Rfd1 dxe4 26. Rxd8+ Rxd8 27.
Qxe4 Re8 28. Qd3 Rd8 29. Qf3 Kg8 30. Re1 Ba5 31. Qd5 h6 32. Ne7+ Kg7 33. Nf5+
Kg8 34. Ne7+ Kf8 35. Qxc5 Bxe1 36. Nc6+ Kg7 37. Nxd8 Qd7 38. Nc6 a6 39. Nd4 Bd2
40. Nf5+ Kh7 41. Qc2 Kg8 42. f3 h5 43. Kg2 Bb4 44. Kh3 Bf8 45. a4 Qd5 46. Kg2
Bc5 47. Kh2 Bf8 48. Nh4 Kg7 49. Kg2 Kg8 50. Qc3 Qe5 51. Qd3 Qe6 52. Nf5 Qe5 53.
f4 Qe6 54. Nh4 Bc5 55. Nf3 Bf8 56. Nd2 Qc6+ 57. Nf3 Qe6 58. Kh2 Qg4 59. Nh4 Qe6
60. Qf3 Bg7 61. Qd3 Bf8 62. Qd1 Bg7 63. b4 Qa2+ 64. Kh3 Qb2 65. Qd8+ Bf8 66. b5
axb5 67. axb5 Qxb5 68. Qxf6 Qf1+ 69. Kh2 Qe2+ 70. Ng2 Qg4 71. Qe5 Bg7 72. Qe8+
Bf8 73. Nh4 Kg7 74. Qe5+ Kg8 75. Nf5 Qg6 76. Kg2 Qc6+ 77. Kh2 Qg6 78. Nh4 Qg4
79. Kg2 Bg7 80. Qe4 Bf8 81. Qf3 Qxf3+ 82. Kxf3 Kg7 1/2-1/2

[Event "SR 1. liga zapad 2011/2012"]
[Site "?"]
[Date "2012.02.05"]
[Round "9.1"]
[White "Debnar, Lubos"]
[Black "Travenec, Igor"]
[Result "1-0"]
[WhiteElo "2266"]
[BlackElo "2196"]
[PlyCount "69"]
[EventDate "2011.??.??"]

1. d4 Nf6 2. c4 e6 3. Nc3 Bb4 4. Nf3 c5 5. g3 O-O 6. Bg2 d6 7. O-O Nbd7 8. Bd2
Qe7 9. Rc1 a6 10. a3 Bxc3 11. Bxc3 Ne4 12. Qd3 f5 13. Rfd1 Nxc3 14. Rxc3 Qf6
15. Rc2 g5 16. dxc5 dxc5 17. Qd6 g4 18. Ne1 Ne5 19. Nd3 Rd8 20. Qxc5 Nf7 21.
Rcd2 Bd7 22. Nf4 Ba4 23. Rxd8+ Rxd8 24. Rxd8+ Nxd8 25. Qc8 Kf7 26. Nd3 Bc2 27.
Qd7+ Kg8 28. Nc5 b6 29. Qe8+ Qf8 30. Qxf8+ Kxf8 31. Nd7+ Ke7 32. Nxb6 Bb3 33.
c5 Nf7 34. Kf1 Kd8 35. Ke1 1-0

[Event "SR 1. liga zapad 2011/2012"]
[Site "?"]
[Date "2012.02.05"]
[Round "9.1"]
[White "Hagara, Eduard"]
[Black "Certek, Pavel"]
[Result "1-0"]
[WhiteElo "2388"]
[BlackElo "2322"]
[PlyCount "67"]
[EventDate "2011.??.??"]

1. d4 d5 2. Nf3 Nf6 3. e3 e6 4. Bd3 Be7 5. O-O O-O 6. b3 c5 7. Nbd2 cxd4 8.
exd4 Nc6 9. Bb2 b6 10. Ne5 Bb7 11. f4 Rc8 12. a3 g6 13. Qf3 Ne8 14. Qh3 Nd6 15.
Rae1 Bf6 16. Rf2 Bg7 17. g4 Rc7 18. Rg2 Bc8 19. g5 Nf5 20. Ndf3 Nce7 21. Ng4
Nc6 22. Nge5 Nce7 23. Qg4 Bb7 24. h4 Nd6 25. h5 Nef5 26. Qh3 Ne4 27. Rh2 Re8
28. hxg6 hxg6 29. Bb5 Kf8 30. a4 Nfd6 31. Bxe8 Kxe8 32. Qh7 Bf8 33. Ba3 Re7 34.
Qg8 1-0

[Event "SR 1. liga zapad 2011/2012"]
[Site "?"]
[Date "2012.02.05"]
[Round "9.1"]
[White "Kolcak, Marek"]
[Black "Gorusa, Miroslav"]
[Result "1/2-1/2"]
[WhiteElo "2145"]
[BlackElo "2213"]
[PlyCount "109"]
[EventDate "2011.??.??"]

1. e4 e5 2. Nf3 Nc6 3. Bb5 a6 4. Bxc6 dxc6 5. O-O Qd6 6. d4 exd4 7. Qxd4 Bg4 8.
Qe3 Qc5 9. Rd1 Qxe3 10. Bxe3 Bd6 11. Nbd2 O-O-O 12. h3 Bh5 13. g4 Bg6 14. Nh4
Ne7 15. f4 f6 16. Nxg6 Nxg6 17. f5 Ne5 18. Bd4 Bc5 19. Bxc5 Rxd2 20. Rxd2 Nf3+
21. Kf2 Nxd2 22. Ke3 Nc4+ 23. Kf4 Nxb2 24. g5 fxg5+ 25. Kxg5 Nc4 26. Bd4 Rg8
27. e5 c5 28. Bc3 Kd7 29. Kf4 g6 30. e6+ Ke7 31. f6+ Kxe6 32. Re1+ Kd6 33. Re7
h6 34. Rg7 Rf8 35. Rxg6 h5 36. Rg7 b5 37. Kg5 b4 38. Be1 Ne3 39. Bg3+ Kc6 40.
Rxc7+ Kd5 41. f7 Nxc2 42. Kf6 Nd4 43. Ke7 Rh8 44. Bf2 Nf5+ 45. Kf6 Nd6 46.
Rxc5+ Ke4 47. Rc6 Rh6+ 48. Ke7 Nxf7 49. Rc4+ Kd3 50. Rd4+ Ke2 51. Kxf7 Kxf2 52.
Rxb4 Kg3 53. h4 Rc6 54. a4 a5 55. Rb5 1/2-1/2

[Event "SR 1. liga zapad 2011/2012"]
[Site "?"]
[Date "2012.02.05"]
[Round "9.1"]
[White "Ondrus, Martin"]
[Black "Petran, Peter"]
[Result "1-0"]
[WhiteElo "2301"]
[BlackElo "2297"]
[PlyCount "107"]
[EventDate "2011.??.??"]

1. e4 g6 2. d4 Bg7 3. Nc3 c6 4. Be3 d6 5. Qd2 b5 6. Bd3 a6 7. Nf3 Nd7 8. a4 Bb7
9. O-O Nb6 10. a5 Nd7 11. Ne2 c5 12. c3 Ngf6 13. e5 Nd5 14. Bh6 O-O 15. Bxg7
Kxg7 16. Ng3 dxe5 17. dxe5 c4 18. Be4 Nc5 19. Nd4 e6 20. f4 f5 21. exf6+ Qxf6
22. f5 Kh8 23. fxg6 Qh4 24. Nxe6 Nxe6 25. Bxd5 Bxd5 26. Qxd5 Ng7 27. gxh7 Qxh7
28. Rxf8+ Rxf8 29. Ne4 Qh6 30. Ng5 Qf6 31. Qf3 Qxf3 32. Nxf3 Ne6 33. Rd1 Nc5
34. Rd6 Ra8 35. Nd4 Nb7 36. Rd7 Nxa5 37. g4 Rb8 38. Ra7 Rb6 39. h4 Nc6 40. Nxc6
Rxc6 41. Kf2 Rd6 42. Ke3 Re6+ 43. Kf4 Kg8 44. g5 Re2 45. Rxa6 Rxb2 46. Kf5 Kf8
47. h5 Rb3 48. Rb6 Rxc3 49. Rxb5 Rc1 50. Rc5 c3 51. Kf6 Ke8 52. h6 c2 53. h7
Rh1 54. Kg7 1-0

[Event "SR 1. liga zapad 2011/2012"]
[Site "?"]
[Date "2012.02.05"]
[Round "9.1"]
[White "Ruckschloss, Karol"]
[Black "Martiska, Peter"]
[Result "0-1"]
[WhiteElo "2290"]
[BlackElo "2281"]
[PlyCount "66"]
[EventDate "2011.??.??"]

1. c4 e5 2. Nc3 Nf6 3. e4 Bc5 4. Be2 d6 5. d3 a5 6. Be3 Na6 7. Qd2 c6 8. f4 O-O
9. O-O-O Re8 10. Bf3 Rb8 11. Nge2 Bxe3 12. Qxe3 Qc7 13. g4 exf4 14. Qxf4 Nc5
15. g5 Nfd7 16. d4 Ne6 17. Qg3 b5 18. cxb5 cxb5 19. Kb1 Bb7 20. Nf4 Nxf4 21.
Qxf4 b4 22. Nb5 Qb6 23. Nxd6 Rf8 24. e5 Bxf3 25. Qxf3 a4 26. Qd5 a3 27. Rhf1 b3
28. axb3 Qxb3 29. Qxb3 Rxb3 30. Rd2 Rfb8 31. Rxf7 Nb6 32. Ra7 Nd5 33. Ka2 axb2
0-1

[Event "SR 1. liga zapad 2011/2012"]
[Site "?"]
[Date "2012.02.05"]
[Round "9.1"]
[White "Skreno, Vladimir"]
[Black "Sulek, Viliam"]
[Result "1/2-1/2"]
[WhiteElo "2178"]
[BlackElo "2135"]
[PlyCount "34"]
[EventDate "2011.??.??"]

1. d4 Nf6 2. Nf3 g6 3. c4 Bg7 4. Nc3 d5 5. e3 O-O 6. b4 c6 7. Qb3 dxc4 8. Bxc4
b5 9. Be2 Be6 10. Qb1 a5 11. a3 axb4 12. axb4 Na6 13. O-O Qd6 14. Bd2 h6 15.
Ne5 Nc7 16. Rxa8 Rxa8 17. Qb2 Ncd5 1/2-1/2

[Event "SR 1. liga zapad 2011/2012"]
[Site "?"]
[Date "2012.02.05"]
[Round "9.1"]
[White "Zetocha, Claudiu"]
[Black "Petenyi, Tamas"]
[Result "1/2-1/2"]
[WhiteElo "2355"]
[BlackElo "2347"]
[PlyCount "76"]
[EventDate "2011.??.??"]

1. e4 c5 2. Nf3 Nc6 3. c3 Nf6 4. e5 Nd5 5. d4 cxd4 6. cxd4 d6 7. exd6 Qxd6 8.
Nc3 Bg4 9. Be2 e6 10. O-O Be7 11. Qb3 O-O 12. Rd1 Rab8 13. a3 Nf4 14. d5 Nxe2+
15. Nxe2 Na5 16. Qa4 Bxf3 17. gxf3 Qa6 18. Nc3 b5 19. Qg4 f5 20. Qg3 Bd6 21.
Bf4 Bxf4 22. Qxf4 Nc4 23. dxe6 Qxe6 24. Re1 Qg6+ 25. Kh1 Nxb2 26. Nd5 Qf7 27.
Qd4 Rbd8 28. Ne7+ Qxe7 29. Qxb2 Qb7 30. Qb3+ Kh8 31. Re5 a6 32. Rae1 h6 33. Re6
Rf7 34. R1e3 Kh7 35. Rxa6 Qxa6 36. Qxf7 Rd1+ 37. Kg2 Qg6+ 38. Qxg6+ Kxg6
1/2-1/2

[Event "SR 1. liga zapad 2011/2012"]
[Site "?"]
[Date "2012.02.05"]
[Round "9.2"]
[White "Detko, Jan"]
[Black "Djubek, Boris"]
[Result "1-0"]
[WhiteElo "2130"]
[BlackElo "2172"]
[PlyCount "78"]
[EventDate "2011.??.??"]

1. e4 e5 2. Nc3 Nc6 3. f4 d6 4. Bb5 Bd7 5. d3 Nf6 6. Nf3 Nd4 7. Nxd4 exd4 8.
Bxd7+ Qxd7 9. Ne2 c5 10. O-O Be7 11. f5 O-O-O 12. c3 dxc3 13. bxc3 Qc6 14. c4
Nd7 15. Nf4 Bf6 16. Rb1 Bd4+ 17. Kh1 Nf6 18. Bb2 Bxb2 19. Rxb2 h5 20. Qb3 Rd7
21. Rfb1 Re8 22. Qc3 Rc7 23. a4 Qxa4 24. Rb5 a6 25. Rb6 Qd7 26. Qb3 Qe7 27. Qd1
Qe5 28. Qf3 h4 29. Ne2 Nd7 30. R6b3 Nb8 31. Qh5 Nc6 32. Qxh4 f6 33. Nf4 Nd4 34.
Ng6 Nxf5 35. exf5 Qxf5 36. Qh3 Qxh3 37. gxh3 Re3 38. Kg2 b5 39. Nf4 bxc4 1-0

[Event "SR 1. liga zapad 2011/2012"]
[Site "?"]
[Date "2012.02.05"]
[Round "9.2"]
[White "Hacik, Radomir"]
[Black "Garban, Mario"]
[Result "1-0"]
[WhiteElo "2158"]
[BlackElo "1994"]
[PlyCount "89"]
[EventDate "2011.??.??"]

1. e4 e5 2. Nf3 Nc6 3. Bb5 Bc5 4. O-O d6 5. d4 exd4 6. Nxd4 Bd7 7. Nf5 Qf6 8.
Ne3 Nge7 9. Nc3 Qd4 10. Qe2 O-O 11. Rd1 Qe5 12. Nc4 Qf6 13. Be3 Bxe3 14. Qxe3
Rfe8 15. e5 Nxe5 16. Nxe5 Bxb5 17. Nxb5 Ng6 18. Ng4 Qf5 19. Nxc7 Rxe3 20. Nxe3
Qc8 21. Nxa8 Ne7 22. Rxd6 Nc6 23. Rad1 Qxa8 24. b4 a6 25. a4 g6 26. b5 axb5 27.
axb5 Nb8 28. Rd8+ Kg7 29. b6 h5 30. Rc8 h4 31. h3 g5 32. Ng4 Kh7 33. Nf6+ Kg7
34. Nd7 g4 35. Nxb8 gxh3 36. gxh3 Qa3 37. c3 Qa5 38. Rd4 Qxb6 39. Rg4+ Kh7 40.
Rxh4+ Kg7 41. Rg4+ Kh7 42. Nd7 Qb1+ 43. Kg2 Qf5 44. Rc5 Qxd7 45. Rh5# 1-0

[Event "SR 1. liga zapad 2011/2012"]
[Site "?"]
[Date "2012.02.05"]
[Round "9.2"]
[White "Havlicek, Libor"]
[Black "Dobrotka, Martin"]
[Result "1-0"]
[WhiteElo "2304"]
[BlackElo "2259"]
[PlyCount "53"]
[EventDate "2011.??.??"]

1. d4 d6 2. e4 g6 3. Bc4 Nf6 4. Qe2 Bg7 5. Nf3 c6 6. e5 Nd5 7. Bxd5 cxd5 8.
Qb5+ Nc6 9. Nc3 O-O 10. Qxd5 dxe5 11. dxe5 Bg4 12. Bf4 Qxd5 13. Nxd5 Bxf3 14.
gxf3 Nxe5 15. Nxe7+ Kh8 16. O-O-O Nxf3 17. Rd7 b5 18. h3 Bf6 19. Rhd1 Bg5 20.
Nd5 a5 21. Bxg5 Nxg5 22. Rd3 Ra6 23. Rb7 b4 24. Nb6 Ne4 25. Nd7 Rd8 26. f4 f5
27. Nf6 1-0

[Event "SR 1. liga zapad 2011/2012"]
[Site "?"]
[Date "2012.02.05"]
[Round "9.2"]
[White "Kovac, Andrej"]
[Black "Marko, Anton"]
[Result "1-0"]
[WhiteElo "2154"]
[BlackElo "2127"]
[PlyCount "69"]
[EventDate "2011.??.??"]

1. d4 Nf6 2. c4 e6 3. Nf3 b6 4. g3 Bb7 5. Bg2 Bb4+ 6. Bd2 Bxd2+ 7. Nbxd2 c5 8.
e4 Nxe4 9. Ne5 Nc3 10. Qh5 g6 11. Qh3 Nd5 12. cxd5 exd5 13. O-O O-O 14. Rfe1 d6
15. Nd3 Na6 16. a3 Nc7 17. Nf4 Qf6 18. Nf3 g5 19. Qg4 h6 20. h4 Bc8 21. hxg5
Bxg4 22. gxf6 Be6 23. Re2 Rad8 24. Rae1 a5 25. Kh2 b5 26. Bh3 c4 27. Bxe6 fxe6
28. Nxe6 Nxe6 29. Rxe6 b4 30. axb4 axb4 31. Nh4 Kf7 32. Re7+ Kxf6 33. R1e6+ Kg5
34. Rg7+ Kh5 35. Kh3 1-0

[Event "SR 1. liga zapad 2011/2012"]
[Site "?"]
[Date "2012.02.05"]
[Round "9.2"]
[White "Lakatos, Vladimir"]
[Black "Sosovicka, Juraj"]
[Result "1/2-1/2"]
[WhiteElo "2176"]
[BlackElo "2198"]
[PlyCount "39"]
[EventDate "2011.??.??"]

1. c4 e5 2. Nc3 Nf6 3. g3 d5 4. cxd5 Nxd5 5. Bg2 Nb6 6. d3 Be7 7. f4 exf4 8.
Bxf4 O-O 9. Qd2 c6 10. Nf3 Nd5 11. Nxd5 cxd5 12. a3 Nc6 13. O-O Na5 14. Rab1
Nb3 15. Qd1 Qb6+ 16. Kh1 Be6 17. Nd2 d4 18. Nxb3 Bxb3 19. Qd2 Rac8 20. Rbc1
1/2-1/2

[Event "SR 1. liga zapad 2011/2012"]
[Site "?"]
[Date "2012.02.05"]
[Round "9.2"]
[White "Peitl, Tomas"]
[Black "Hanko, Pavol"]
[Result "1-0"]
[WhiteElo "2214"]
[BlackElo "2138"]
[PlyCount "73"]
[EventDate "2011.??.??"]

1. Nf3 Nf6 2. c4 g6 3. g3 Bg7 4. Bg2 O-O 5. O-O d6 6. d3 e5 7. Bg5 h6 8. Bd2
Nc6 9. Nc3 Be6 10. Ne1 d5 11. cxd5 Nxd5 12. Nc2 Nd4 13. Ne4 b6 14. Nc3 c5 15.
Ne3 Ne7 16. Bxa8 Qxa8 17. f4 Bh3 18. Rf2 exf4 19. gxf4 Bf6 20. Ng2 Ndf5 21. e3
Nh4 22. Ne4 Bxg2 23. Nxf6+ Kg7 24. Bc3 Rd8 25. Qg4 Nef5 26. e4 Rxd3 27. Rxg2
Nf3+ 28. Kf2 N5d4 29. Nd5 Qe8 30. f5 Qa4 31. b3 Qe8 32. fxg6 Ne5 33. Qh4 Nxg6
34. Qf6+ Kg8 35. Bxd4 cxd4 36. Qxg6+ fxg6 37. Nf6+ 1-0

[Event "SR 1. liga zapad 2011/2012"]
[Site "?"]
[Date "2012.02.05"]
[Round "9.2"]
[White "Reisel, Frantisek"]
[Black "Dolnak, Michal"]
[Result "0-1"]
[WhiteElo "2085"]
[BlackElo "2098"]
[PlyCount "118"]
[EventDate "2011.??.??"]

1. d4 d5 2. c4 c6 3. Nf3 Nf6 4. Nc3 e6 5. e3 Nbd7 6. a3 b6 7. Bd3 Bb7 8. cxd5
cxd5 9. O-O Be7 10. b4 a6 11. b5 a5 12. Nd2 O-O 13. Bb2 Rc8 14. Qe2 Re8 15. f4
Bd6 16. g4 Nf8 17. Rf2 Qe7 18. g5 N6d7 19. Nf3 Rc7 20. Qf1 f5 21. h4 Rec8 22.
Ne2 Ba8 23. Qh3 Qe8 24. Ne5 Ng6 25. Kh2 Be7 26. Ng3 Ngxe5 27. fxe5 g6 28. Ne2
Nf8 29. Nf4 a4 30. Kg2 Rc4 31. Kg3 Qxb5 32. Rc1 Qb3 33. Bxc4 Rxc4 34. Re1 Bxa3
35. Bxa3 Qxa3 36. h5 Rc7 37. hxg6 hxg6 38. Qf1 Qe7 39. Nh3 Bc6 40. Rb1 b5 41.
Rc2 Be8 42. Rxc7 Qxc7 43. Qe1 Qe7 44. Qc3 a3 45. Rb3 b4 46. Rxb4 a2 47. Rb3 Qc7
48. Qxc7 a1=Q 49. Qc3 Qd1 50. Rb2 Qg4+ 51. Kh2 Bb5 52. Rg2 Qh5 53. Rf2 Be2 54.
Qe1 Bg4 55. Qf1 Nh7 56. Kg3 Nxg5 57. Nxg5 Qxg5 58. Qc1 Bf3+ 59. Kh3 Qg4+ 0-1